000 00482nam a22001457a 4500
003 MACL
005 20170305121829.0
008 170305b xxu||||| |||| 00| 0 eng d
040 _cMACL
100 _aकमलेश
_966814
245 _aमनोहर श्‍याम जोशी के कथा-प्रयोग
260 _aदिल्‍ली
_bनया साहित्‍य केंद्र
_c2010
650 _aरचनावली
_9163
942 _2ddc
_cHIN
999 _c56109
_d56109